[Event "Mundial Juvenil 2005 s14"]
[Site "Belfort FRA"]
[Date "2005.07.28"]
[Round "9.4"]
[White "Salgado Lopez, Ivan"]
[Black "Zhao, Nan"]
[Result "1-0"]
[WhiteElo "2340"]
[BlackElo "2276"]
[PlyCount "97"]
[EventDate "2005.07.19"]
[EventType "swiss"]
[EventRounds "11"]
[EventCountry "FRA"]
[Source "lmi"]
[SourceDate "2005.07.31"]

1. e4 c5 2. Nc3 Nc6 3. Nge2 e5 4. Nd5 Nf6 5. Nec3 d6 6. Nxf6+ Qxf6 7. Nd5 Qd8
8. Bc4 Be7 9. O-O O-O 10. d3 Be6 11. f4 exf4 12. Bxf4 a6 13. a4 Rb8 14. a5 Bxd5
15. Bxd5 Nxa5 16. Qh5 Bf6 17. Rxa5 Qxa5 18. Bxd6 Rbd8 19. Bxf8 Rxf8 20. e5 g6
21. Qe2 Qd8 22. Qe4 Bg7 23. Bxb7 Qb6 24. Bd5 Qxb2 25. e6 Bf6 26. exf7+ Kg7 27.
Kh1 a5 28. Bb3 Qd4 29. Qe8 Qd8 30. Re1 Bh4 31. g3 Bf6 32. Qc6 Qd4 33. Kg2 Qc3
34. Qe8 c4 35. Bxc4 Qb4 36. Qxf8+ Qxf8 37. Re8 Be7 38. Rxf8 Bxf8 39. Kf3 Kf6
40. Ke3 Ke5 41. d4+ Kd6 42. Bb3 Kc6 43. c4 Bg7 44. Ke4 Kd6 45. c5+ Ke7 46. d5
Kxf7 47. d6+ Ke8 48. c6 Bf8 49. c7 1-0

[Event "Mundial Juvenil 2005 s14"]
[Site "Belfort FRA"]
[Date "2005.07.28"]
[Round "9.6"]
[White "Arnold, Marc T"]
[Black "Feller, Sebastien"]
[Result "0-1"]
[WhiteElo "2087"]
[BlackElo "2282"]
[PlyCount "137"]
[EventDate "2005.07.19"]
[EventType "swiss"]
[EventRounds "11"]
[EventCountry "FRA"]
[Source "lmi"]
[SourceDate "2005.07.31"]

1. d4 Nf6 2. c4 g6 3. Nc3 Bg7 4. e4 d6 5. f3 O-O 6. Be3 c5 7. d5 e6 8. Qd2 exd5
9. cxd5 a6 10. a4 h5 11. Nge2 Nbd7 12. Nc1 Ne5 13. Be2 Nh7 14. O-O f5 15. exf5
Bxf5 16. h3 Re8 17. Bf2 h4 18. f4 Nf7 19. Bd3 Nh6 20. Bxf5 Nxf5 21. Nd3 Qd7 22.
a5 Qf7 23. Ne1 Bf6 24. Nf3 Re7 25. Rfe1 Rae8 26. Rxe7 Rxe7 27. Rd1 Re8 28. Qd3
Qc7 29. Ra1 Nf8 30. Kh2 Qg7 31. Rd1 Qh6 32. Qd2 Bd8 33. Ra1 Nd7 34. Ra4 Qg7 35.
Ra3 Qf7 36. Ra1 Kf8 37. Kg1 Kg8 38. Kh2 Nf8 39. Kg1 Nh7 40. Ra4 Qc7 41. Ne4 Be7
42. Ra1 Rb8 43. Rc1 b5 44. b4 c4 45. Nd4 Nxd4 46. Bxd4 Bf8 47. Re1 Qf7 48. Bc3
Re8 49. Qd4 Bg7 50. Qxg7+ Qxg7 51. Bxg7 Kxg7 52. Kf2 Nf6 53. Nc3 Rxe1 54. Kxe1
Kh6 55. Ke2 g5 56. Kf3 gxf4 57. Kxf4 Kg6 58. g4 hxg3 59. Kxg3 Kf5 60. Kf3 Ke5
61. h4 Nxd5 62. Na2 Nf4 63. Nc3 d5 64. h5 d4 65. Nxb5 axb5 66. h6 Kd5 67. a6
Kc6 68. Kxf4 c3 69. Kf5 0-1

[Event "Mundial Juvenil 2005 s14"]
[Site "Belfort FRA"]
[Date "2005.07.28"]
[Round "9.7"]
[White "Cordova, Emilio"]
[Black "Kruglyakov, Pavlo"]
[Result "0-1"]
[WhiteElo "2422"]
[BlackElo "2242"]
[PlyCount "82"]
[EventDate "2005.07.19"]
[EventType "swiss"]
[EventRounds "11"]
[EventCountry "FRA"]
[Source "lmi"]
[SourceDate "2005.07.31"]

1. d4 Nf6 2. Bg5 g6 3. Bxf6 exf6 4. e3 f5 5. g3 Bg7 6. Bg2 d5 7. Ne2 Nd7 8. c4
Nf6 9. Nd2 O-O 10. O-O Rb8 11. b4 c5 12. b5 Re8 13. Rb1 Ne4 14. Qc2 Nxd2 15.
Qxd2 Be6 16. Rfc1 Qb6 17. a4 a5 18. Rc2 Rbc8 19. Rbc1 Bf6 20. h4 Kh8 21. Bxd5
cxd4 22. exd4 Bxd5 23. cxd5 Rxc2 24. Rxc2 h5 25. Rc4 Kg7 26. Nc1 Ra8 27. Nb3
Qd8 28. Rc1 Qb6 29. Kf1 Qd8 30. f3 Kh7 31. Qc3 f4 32. Qc7 fxg3 33. Qxf7+ Kh6
34. Rc7 Qh8 35. Qe6 Bxh4 36. Qd6 Re8 37. Rc2 Re3 38. Nxa5 Rxf3+ 39. Kg2 Qxd4
40. Kxf3 Qd3+ 41. Kf4 Bg5+ 0-1

[Event "Mundial Juvenil 2005 s14"]
[Site "Belfort FRA"]
[Date "2005.07.28"]
[Round "9.8"]
[White "Rozum, Ivan"]
[Black "Mammadov, Ayaz"]
[Result "1-0"]
[WhiteElo "2297"]
[BlackElo "2037"]
[PlyCount "61"]
[EventDate "2005.07.19"]
[EventType "swiss"]
[EventRounds "11"]
[EventCountry "FRA"]
[Source "lmi"]
[SourceDate "2005.07.31"]

1. e4 e5 2. Nf3 Nc6 3. Bc4 Bc5 4. d3 Nf6 5. Nc3 h6 6. Be3 Bb6 7. Qd2 d6 8.
O-O-O Be6 9. h3 Bxc4 10. dxc4 Ba5 11. Qd3 Bxc3 12. bxc3 b6 13. Nd2 Qe7 14. Nb3
Nd8 15. g3 Ne6 16. f4 Nd7 17. f5 Nec5 18. Bxc5 Nxc5 19. Nxc5 dxc5 20. g4 Rd8
21. Qg3 O-O 22. h4 f6 23. Rdg1 Rd6 24. Kb2 Kf7 25. g5 hxg5 26. hxg5 Ke8 27. Rh7
Rf7 28. gxf6 gxf6 29. Qg6 Qf8 30. Rgh1 Ke7 31. Rxf7+ 1-0

[Event "Mundial Juvenil 2005 s14"]
[Site "Belfort FRA"]
[Date "2005.07.28"]
[Round "9.9"]
[White "Leniart, Arkadiusz"]
[Black "Tvarijonas, Povilas"]
[Result "1-0"]
[WhiteElo "2269"]
[BlackElo "2174"]
[PlyCount "110"]
[EventDate "2005.07.19"]
[EventType "swiss"]
[EventRounds "11"]
[EventCountry "FRA"]
[Source "lmi"]
[SourceDate "2005.07.31"]

1. d4 d5 2. c4 c6 3. Nf3 Nf6 4. Nc3 dxc4 5. a4 Bf5 6. Ne5 Nbd7 7. Nxc4 Nb6 8.
e3 e6 9. Be2 Nxc4 10. Bxc4 Bd6 11. f3 e5 12. dxe5 Bxe5 13. e4 Qe7 14. Be3 O-O
15. O-O Be6 16. Bxe6 Qxe6 17. Ne2 Rad8 18. Qc2 Bb8 19. Rfd1 Qe5 20. g3 Rfe8 21.
Kg2 Nd5 22. Kf2 Nc7 23. Bd4 Qe7 24. Bc5 Qf6 25. Bd4 Qe7 26. b4 Ne6 27. Bc3 Rxd1
28. Rxd1 Rd8 29. f4 Rxd1 30. Qxd1 Nc7 31. Qd3 Ne6 32. f5 Nf8 33. Qd4 f6 34. Nf4
Be5 35. Qc4+ Qf7 36. Qxf7+ Kxf7 37. Bxe5 fxe5 38. Nd3 Nd7 39. Nc5 Nxc5 40. bxc5
Kf6 41. h4 b6 42. cxb6 axb6 43. g4 h6 44. Kf3 g6 45. fxg6 Kxg6 46. Ke3 Kf6 47.
Kd3 Ke6 48. Kc4 Kd6 49. Kb4 Kd7 50. a5 bxa5+ 51. Kxa5 c5 52. Kb5 Kd6 53. g5
hxg5 54. hxg5 c4 55. Kxc4 Ke6 1-0

[Event "Mundial Juvenil 2005 s14"]
[Site "Belfort FRA"]
[Date "2005.07.28"]
[Round "9.10"]
[White "Benidze, David"]
[Black "Recuero Guerra, David"]
[Result "1/2-1/2"]
[WhiteElo "2243"]
[BlackElo "2261"]
[PlyCount "38"]
[EventDate "2005.07.19"]
[EventType "swiss"]
[EventRounds "11"]
[EventCountry "FRA"]
[Source "lmi"]
[SourceDate "2005.07.31"]

1. d4 d5 2. c4 Nc6 3. e3 e5 4. cxd5 Qxd5 5. Nc3 Bb4 6. a3 Bxc3+ 7. bxc3 Nf6 8.
c4 Qd6 9. d5 Ne7 10. a4 Ne4 11. Ba3 Nc5 12. Nf3 Ng6 13. Nd2 f5 14. Nb3 b6 15.
Nxc5 bxc5 16. Rb1 Bd7 17. Be2 O-O 18. O-O e4 19. Qd2 a5 1/2-1/2

[Event "Mundial Juvenil 2005 s14"]
[Site "Belfort FRA"]
[Date "2005.07.28"]
[Round "9.11"]
[White "Wei, Chenpeng"]
[Black "Martinovic, Sasa"]
[Result "1-0"]
[WhiteElo "2406"]
[BlackElo "2139"]
[PlyCount "65"]
[EventDate "2005.07.19"]
[EventType "swiss"]
[EventRounds "11"]
[EventCountry "FRA"]
[Source "lmi"]
[SourceDate "2005.07.31"]

1. e4 c5 2. Nf3 Nc6 3. Bb5 g6 4. Bxc6 dxc6 5. d3 Bg7 6. O-O Bg4 7. Nbd2 Nf6 8.
h3 Bxf3 9. Nxf3 Nd7 10. Be3 O-O 11. Qd2 Re8 12. Rab1 b6 13. Bh6 e5 14. Nh2 f6
15. Ng4 Qe7 16. f4 Rf8 17. Qc3 Bxh6 18. Nxh6+ Kg7 19. Ng4 h5 20. Ne3 b5 21. a4
c4 22. axb5 cxb5 23. dxc4 Rac8 24. Ra1 exf4 25. Rxf4 Ne5 26. Nd5 Qc5+ 27. Kh1
bxc4 28. Rxf6 Rxf6 29. Qxe5 Rcf8 30. Rf1 Qd6 31. Qd4 h4 32. Rxf6 Qa6 33. Kg1
1-0

[Event "Mundial Juvenil 2005 s14"]
[Site "Belfort FRA"]
[Date "2005.07.28"]
[Round "9.13"]
[White "Utegaliev, A."]
[Black "Plaskan, Jure"]
[Result "1-0"]
[WhiteElo "2249"]
[BlackElo "2057"]
[PlyCount "65"]
[EventDate "2005.07.19"]
[EventType "swiss"]
[EventRounds "11"]
[EventCountry "FRA"]
[Source "lmi"]
[SourceDate "2005.07.31"]

1. d4 Nf6 2. c4 c5 3. d5 b5 4. cxb5 a6 5. bxa6 Bxa6 6. Nc3 d6 7. g3 g6 8. Bg2
Bg7 9. Nf3 Nbd7 10. O-O O-O 11. Rb1 Nb6 12. b3 Ra7 13. Bb2 Qa8 14. Nh4 Rb8 15.
Re1 Nfd7 16. Qc2 c4 17. b4 Bb7 18. a4 Bxc3 19. Qxc3 Nf6 20. a5 Nbxd5 21. Qxc4
Ba6 22. Qd4 Rc7 23. Qd2 e5 24. Red1 Rb5 25. Qg5 Bb7 26. e4 Nxe4 27. Bxe4 Nxb4
28. Rxd6 Rc8 29. Bxg6 hxg6 30. Nxg6 Bh1 31. Nxe5+ Kf8 32. Qh6+ Kg8 33. Rg6+ 1-0

[Event "Mundial Juvenil 2005 s14"]
[Site "Belfort FRA"]
[Date "2005.07.28"]
[Round "9.15"]
[White "Hansen-Cherstiouk, Alexei"]
[Black "Ju, Evan D"]
[Result "0-1"]
[WhiteElo "2019"]
[BlackElo "2149"]
[PlyCount "56"]
[EventDate "2005.07.19"]
[EventType "swiss"]
[EventRounds "11"]
[EventCountry "FRA"]
[Source "lmi"]
[SourceDate "2005.07.31"]

1. e4 e6 2. d4 d5 3. e5 c5 4. c3 Qb6 5. Nf3 Bd7 6. a3 Bb5 7. Bxb5+ Qxb5 8. b4
cxd4 9. cxd4 a5 10. bxa5 Nc6 11. Nc3 Qc4 12. Ne2 Rxa5 13. Rb1 Bxa3 14. Rxb7
Bxc1 15. Qxc1 Qa6 16. Rb2 Ra1 17. Rb1 Rxb1 18. Qxb1 Nge7 19. Qb2 O-O 20. O-O
Rb8 21. Qd2 Na5 22. Ng3 h6 23. Nh5 Nb3 24. Qf4 Qd3 25. Nf6+ gxf6 26. exf6 Nc6
27. Qc7 Nbxd4 28. Ne5 Qxf1+ 0-1

[Event "Mundial Juvenil 2005 s14"]
[Site "Belfort FRA"]
[Date "2005.07.28"]
[Round "9.16"]
[White "Krivec, Sandi"]
[Black "Pavlidis, Anastasios"]
[Result "1/2-1/2"]
[WhiteElo "1599"]
[BlackElo "2127"]
[PlyCount "98"]
[EventDate "2005.07.19"]
[EventType "swiss"]
[EventRounds "11"]
[EventCountry "FRA"]
[Source "lmi"]
[SourceDate "2005.07.31"]

1. d4 Nf6 2. Nf3 g6 3. c4 Bg7 4. Nc3 O-O 5. e4 d6 6. Be2 e5 7. O-O Nc6 8. d5
Ne7 9. Ne1 Nd7 10. f3 f5 11. g4 f4 12. Rb1 h5 13. h3 Kf7 14. Ng2 Rh8 15. Kf2
hxg4 16. hxg4 Rh2 17. Rh1 Qh8 18. Rxh2 Qxh2 19. Qg1 Qg3+ 20. Kf1 Nf6 21. Qf2
Qh2 22. Qh4 Qxh4 23. Nxh4 Bd7 24. Ng2 a5 25. Ne1 Bf8 26. b3 c6 27. Ba3 c5 28.
Nd3 Ne8 29. Bc1 Nc7 30. a3 Na6 31. Bd2 Nc8 32. Nb2 Be7 33. Be1 Bd8 34. Nb5 Nc7
35. Nxc7 Bxc7 36. b4 axb4 37. axb4 cxb4 38. Bxb4 Ba5 39. Nd3 Bxb4 40. Rxb4 b6
41. Nb2 Ke7 42. Bd1 Kd8 43. Ba4 Bxa4 44. Nxa4 Kc7 45. Ke2 Ra6 46. Nc3 Ra7 47.
Nb5+ Kb7 48. Kf2 Ra2+ 49. Kf1 g5 1/2-1/2

[Event "Mundial Juvenil 2005 s14"]
[Site "Belfort FRA"]
[Date "2005.07.28"]
[Round "9.17"]
[White "Ly, Moulthun"]
[Black "Platzgummer, Fabian"]
[Result "1-0"]
[WhiteElo "2117"]
[BlackElo "2032"]
[PlyCount "115"]
[EventDate "2005.07.19"]
[EventType "swiss"]
[EventRounds "11"]
[EventCountry "FRA"]
[Source "lmi"]
[SourceDate "2005.07.31"]

1. e4 c5 2. Nf3 Nc6 3. Bb5 e6 4. Bxc6 bxc6 5. d3 d5 6. O-O Nf6 7. Nbd2 Ba6 8.
Re1 Be7 9. e5 Nd7 10. c4 O-O 11. Qe2 Re8 12. Nf1 f6 13. b3 fxe5 14. Bb2 d4 15.
Nxe5 Nxe5 16. Qxe5 Bd6 17. Qe2 Bf4 18. Qh5 e5 19. Ng3 Bxg3 20. hxg3 g6 21. Qe2
h5 22. Qe4 Qd6 23. f4 exf4 24. Qxe8+ Rxe8 25. Rxe8+ Kf7 26. Rae1 f3 27. Kf2 h4
28. gxh4 fxg2 29. Kxg2 Qd7 30. R1e7+ Qxe7 31. Rxe7+ Kxe7 32. Ba3 Kd6 33. Kf3
Bc8 34. Kf4 Bf5 35. h5 Bxd3 36. h6 g5+ 37. Kxg5 Ke5 38. Bxc5 a6 39. Bf8 Bh7 40.
Bb4 Ke4 41. Kf6 Ke3 42. Kg7 Bf5 43. Kf6 Bh7 44. Bc5 Ke4 45. a4 d3 46. Bb4 Ke3
47. Kg7 Be4 48. h7 Bxh7 49. Kxh7 Ke2 50. c5 d2 51. Bxd2 Kxd2 52. b4 Kd3 53. b5
axb5 54. axb5 cxb5 55. c6 b4 56. c7 b3 57. c8=Q b2 58. Qf5+ 1-0

[Event "Mundial Juvenil 2005 s14"]
[Site "Belfort FRA"]
[Date "2005.07.28"]
[Round "9.18"]
[White "Espinosa Aranda, Angel"]
[Black "Rentsen, Erdenetulga"]
[Result "0-1"]
[WhiteElo "2108"]
[BlackElo "1599"]
[PlyCount "48"]
[EventDate "2005.07.19"]
[EventType "swiss"]
[EventRounds "11"]
[EventCountry "FRA"]
[Source "lmi"]
[SourceDate "2005.07.31"]

1. e4 c5 2. Nf3 d6 3. d4 cxd4 4. Nxd4 Nf6 5. Nc3 g6 6. Be3 Bg7 7. f3 O-O 8. Qd2
Nc6 9. Bc4 Bd7 10. O-O-O Rc8 11. Bb3 Nxd4 12. Bxd4 b5 13. h4 a5 14. a3 b4 15.
axb4 axb4 16. Nb1 Qa5 17. h5 Ba4 18. Qd3 Bxb3 19. Qxb3 Bh6+ 20. Be3 Rc3 21.
bxc3 Bxe3+ 22. Rd2 Bxd2+ 23. Kxd2 Qg5+ 24. Ke1 Qc1+ 0-1

[Event "Mundial Juvenil 2005 s14"]
[Site "Belfort FRA"]
[Date "2005.07.28"]
[Round "9.19"]
[White "Shyam, Nikil P"]
[Black "Lehmann, Marco"]
[Result "1/2-1/2"]
[WhiteElo "1962"]
[BlackElo "2103"]
[PlyCount "101"]
[EventDate "2005.07.19"]
[EventType "swiss"]
[EventRounds "11"]
[EventCountry "FRA"]
[Source "lmi"]
[SourceDate "2005.07.31"]

1. e4 c5 2. f4 Nc6 3. Nf3 g6 4. c3 d5 5. e5 Bg4 6. Be2 e6 7. O-O Nh6 8. h3 Bxf3
9. Bxf3 Nf5 10. g4 Nh4 11. Bh1 h5 12. Rf2 Qb6 13. d3 Be7 14. Na3 O-O-O 15. g5
Nf5 16. Nc2 Qa6 17. Bf3 Kb8 18. Kh2 Rdf8 19. Be2 Qb6 20. Rb1 Rd8 21. Rg2 Qc7
22. Qf1 Qa5 23. a3 Ka8 24. Qf2 Nb8 25. Bf3 c4 26. d4 Qb6 27. Rg1 Nc6 28. Bd2
Na5 29. Na1 Nb3 30. Nxb3 Qxb3 31. Bd1 Qb6 32. b4 Qc7 33. Ra1 Rhg8 34. Bc2 Ng7
35. Rgb1 Qc6 36. a4 Bf8 37. a5 Be7 38. Qe1 Bf8 39. Bc1 Be7 40. Ba3 Bf8 41. Qc1
Be7 42. b5 Bxa3 43. Qxa3 Nf5 44. Bxf5 exf5 45. Re1 Qe6 46. Qb4 Rde8 47. Qd6 Rd8
48. Qb4 Rb8 49. Qa4 Rgd8 50. Reb1 Rbc8 51. Qa3 1/2-1/2

[Event "Mundial Juvenil 2005 s14"]
[Site "Belfort FRA"]
[Date "2005.07.28"]
[Round "9.20"]
[White "Krejci, Jan"]
[Black "Kanmazalp, Ogulcan"]
[Result "0-1"]
[WhiteElo "2090"]
[BlackElo "1599"]
[PlyCount "76"]
[EventDate "2005.07.19"]
[EventType "swiss"]
[EventRounds "11"]
[EventCountry "FRA"]
[Source "lmi"]
[SourceDate "2005.07.31"]

1. e4 c5 2. Nf3 Nc6 3. d4 cxd4 4. Nxd4 Nf6 5. Nc3 e5 6. Ndb5 d6 7. Bg5 a6 8.
Na3 b5 9. Nd5 Be7 10. Bxf6 Bxf6 11. c3 Bg5 12. Nc2 O-O 13. a4 bxa4 14. Rxa4 a5
15. Bc4 Rb8 16. Ra2 Kh8 17. Nce3 Be6 18. b3 Ne7 19. Nxe7 Qxe7 20. Nd5 Qd8 21.
O-O g6 22. h3 f5 23. Ne3 Bxe3 24. Bxe6 Bc5 25. Bd5 Qh4 26. exf5 Rxf5 27. Qg4
Qf6 28. Qg3 Rf8 29. Rb2 Rf4 30. Re2 Qf5 31. Bc4 e4 32. b4 Ba7 33. Ba2 h5 34. h4
Rg4 35. Qxd6 Bb8 36. Qd4+ Be5 37. Qe3 Rxg2+ 38. Kxg2 Qg4+ 0-1

[Event "Mundial Juvenil 2005 s14"]
[Site "Belfort FRA"]
[Date "2005.07.29"]
[Round "10.2"]
[White "Matlakov, Maxim"]
[Black "Salgado Lopez, Ivan"]
[Result "1/2-1/2"]
[WhiteElo "2399"]
[BlackElo "2340"]
[PlyCount "50"]
[EventDate "2005.07.19"]
[EventType "swiss"]
[EventRounds "11"]
[EventCountry "FRA"]
[Source "lmi"]
[SourceDate "2005.07.31"]

1. e4 e6 2. Nf3 d5 3. e5 c5 4. b4 d4 5. bxc5 Bxc5 6. Ba3 Bb6 7. Bd3 Nc6 8. O-O
Nge7 9. Qe2 Ng6 10. Bxg6 hxg6 11. d3 Bc7 12. Nbd2 Qd5 13. Nc4 b6 14. Bd6 Bd8
15. a4 Ba6 16. Rab1 Na5 17. Na3 Rc8 18. Nb5 Nc6 19. Ba3 Be7 20. Nd6+ Bxd6 21.
Bxd6 f6 22. Rfe1 Kf7 23. Qd2 Rh5 24. Ra1 Rhh8 25. Bb8 Qd8 1/2-1/2

[Event "Mundial Juvenil 2005 s14"]
[Site "Belfort FRA"]
[Date "2005.07.29"]
[Round "10.3"]
[White "Chirila, Ioan Cristian"]
[Black "Hess, Robert L"]
[Result "1/2-1/2"]
[WhiteElo "2350"]
[BlackElo "2278"]
[PlyCount "73"]
[EventDate "2005.07.19"]
[EventType "swiss"]
[EventRounds "11"]
[EventCountry "FRA"]
[Source "lmi"]
[SourceDate "2005.07.31"]

1. e4 e5 2. Nf3 Nc6 3. Bb5 a6 4. Bxc6 dxc6 5. O-O Qd6 6. d4 exd4 7. Nxd4 Bd7 8.
Be3 O-O-O 9. Nd2 Nh6 10. f3 f5 11. Qe2 fxe4 12. Nxe4 Qe5 13. Bf2 Bd6 14. Nxd6+
Qxd6 15. Rfe1 Rhe8 16. Qc4 g5 17. Bg3 Qd5 18. Qxd5 cxd5 19. Be5 Rg8 20. g4 Rdf8
21. Kg2 Rf7 22. a4 Re8 23. a5 Rfe7 24. Bg3 Nf7 25. Rxe7 Rxe7 26. Ra3 Nd8 27. h4
gxh4 28. Bxh4 Rg7 29. Re3 Bxg4 30. fxg4 Rxg4+ 31. Kh3 Rxd4 32. Re8 Rxh4+ 33.
Kxh4 Kd7 34. Rh8 Nc6 35. Rxh7+ Kd6 36. Rh6+ Kd7 37. Rh7+ 1/2-1/2

[Event "Mundial Juvenil 2005 s14"]
[Site "Belfort FRA"]
[Date "2005.07.29"]
[Round "10.4"]
[White "Feller, Sebastien"]
[Black "Pap, Gyula"]
[Result "1-0"]
[WhiteElo "2282"]
[BlackElo "2384"]
[PlyCount "145"]
[EventDate "2005.07.19"]
[EventType "swiss"]
[EventRounds "11"]
[EventCountry "FRA"]
[Source "lmi"]
[SourceDate "2005.07.31"]

1. d4 d5 2. c4 e6 3. Nf3 Nf6 4. g3 Bb4+ 5. Bd2 Be7 6. Bg2 O-O 7. O-O c6 8. Qc2
Nbd7 9. Bf4 b6 10. Nbd2 Ba6 11. Rfd1 Nh5 12. Rac1 Rc8 13. Kh1 Nxf4 14. gxf4 Bb4
15. e3 Bxd2 16. Nxd2 Qh4 17. Kg1 Nf6 18. h3 Qh5 19. b4 Rfd8 20. Re1 Qg6 21.
Qxg6 hxg6 22. a4 dxc4 23. Nxc4 Nd5 24. Bxd5 Rxd5 25. Ne5 c5 26. dxc5 bxc5 27.
e4 Rd4 28. bxc5 f6 29. Nxg6 Kf7 30. Nh4 Bb7 31. f3 Rxa4 32. Red1 Bc6 33. f5
exf5 34. Nxf5 Rc7 35. Rd8 Ra2 36. Rb1 Ke6 37. Nd4+ Ke5 38. f4+ Kxe4 39. Re1+
Kxf4 40. Ne6+ Kg3 41. Rd3+ Bf3 42. Rxf3+ Kxf3 43. Nxc7 Rg2+ 44. Kh1 Rc2 45. Ne6
Rc4 46. c6 Kf2 47. Rg1 Rxc6 48. Rg2+ Ke3 49. Nxg7 Kf4 50. Kh2 Rc8 51. Nh5+ Ke5
52. Re2+ Kf5 53. Rf2+ Kg6 54. Nxf6 Rf8 55. Ne4 Re8 56. Ng3 a5 57. Ra2 Re5 58.
Ra4 Rb5 59. Rg4+ Kh6 60. h4 Rb4 61. Nf5+ Kh7 62. Rxb4 axb4 63. Nd4 Kg6 64. Kg3
Kh5 65. Kh3 Kg6 66. Kg4 Kh6 67. h5 Kg7 68. Kg5 Kh7 69. h6 Kg8 70. Kg6 Kh8 71.
Nf5 b3 72. Nd6 b2 73. Nf7+ 1-0

[Event "Mundial Juvenil 2005 s14"]
[Site "Belfort FRA"]
[Date "2005.07.29"]
[Round "10.5"]
[White "Kruglyakov, Pavlo"]
[Black "Rozum, Ivan"]
[Result "1/2-1/2"]
[WhiteElo "2242"]
[BlackElo "2297"]
[PlyCount "136"]
[EventDate "2005.07.19"]
[EventType "swiss"]
[EventRounds "11"]
[EventCountry "FRA"]
[Source "lmi"]
[SourceDate "2005.07.31"]

1. c4 Nf6 2. Nf3 c5 3. g3 b6 4. Bg2 Bb7 5. O-O e6 6. Nc3 Be7 7. d4 cxd4 8. Nxd4
Bxg2 9. Kxg2 d6 10. e4 a6 11. Be3 O-O 12. Rc1 Qc7 13. f4 Re8 14. Qf3 Nbd7 15.
Rfe1 Bf8 16. b3 Rac8 17. Bf2 Qb8 18. h3 h6 19. g4 g6 20. Bg3 Bg7 21. Rcd1 e5
22. Nc2 exf4 23. Bxf4 Ne5 24. Bxe5 Rxe5 25. Nb4 a5 26. Nbd5 Nxd5 27. Nxd5 b5
28. cxb5 Qxb5 29. Rc1 Qb7 30. Rxc8+ Qxc8 31. Ne3 Re6 32. Re2 Qa8 33. Nd5 Qa7
34. Qd3 Re5 35. Rc2 Qd7 36. Rc4 h5 37. Qf3 Qe6 38. Nf4 Qf6 39. Nd3 Rg5 40. Qxf6
Bxf6 41. Kf3 hxg4+ 42. hxg4 d5 43. Rc8+ Kg7 44. e5 Bxe5 45. Nxe5 Rxe5 46. Rc5
a4 47. bxa4 Re4 48. a5 Ra4 49. Rxd5 Rxa2 50. g5 f6 51. Rd7+ Kf8 52. gxf6 Rxa5
53. Kg4 Rf5 54. f7 Rxf7 55. Rxf7+ Kxf7 56. Kg5 Kg7 57. Kg4 Kf6 58. Kf4 g5+ 59.
Kg4 Kg6 60. Kg3 Kf5 61. Kf3 g4+ 62. Kg3 Kg5 63. Kg2 Kf4 64. Kf2 g3+ 65. Kg2 Kg4
66. Kg1 Kf3 67. Kf1 g2+ 68. Kg1 Kg3 1/2-1/2

[Event "Mundial Juvenil 2005 s14"]
[Site "Belfort FRA"]
[Date "2005.07.29"]
[Round "10.6"]
[White "Sandeep, Y."]
[Black "Leniart, Arkadiusz"]
[Result "1-0"]
[WhiteElo "2189"]
[BlackElo "2269"]
[PlyCount "83"]
[EventDate "2005.07.19"]
[EventType "swiss"]
[EventRounds "11"]
[EventCountry "FRA"]
[Source "lmi"]
[SourceDate "2005.07.31"]

1. Nf3 d5 2. g3 c6 3. Bg2 Bg4 4. d4 Nd7 5. O-O Ngf6 6. b3 e6 7. Bb2 Be7 8. c4
O-O 9. Nc3 a6 10. Nd2 b5 11. Re1 Qb8 12. Qc2 Ra7 13. e4 c5 14. exd5 cxd4 15.
Nd1 Bf5 16. Ne4 Bxe4 17. Bxe4 e5 18. f3 Bc5 19. Nf2 bxc4 20. bxc4 Nxe4 21. fxe4
d3 22. Qd2 f5 23. exf5 Rxf5 24. Rf1 e4 25. Kg2 Rb7 26. Rab1 e3 27. Qc3 Rxb2 28.
Rxb2 Qf8 29. Qxd3 exf2 30. Qe4 Ne5 31. Rb3 h5 32. h3 Qf6 33. Rb8+ Bf8 34. Rb2
Bc5 35. Rb8+ Kh7 36. Rc8 Nd7 37. g4 g6 38. gxf5 gxf5 39. Qf3 Qg5+ 40. Qg3 Qxg3+
41. Kxg3 h4+ 42. Kg2 1-0

[Event "Mundial Juvenil 2005 s14"]
[Site "Belfort FRA"]
[Date "2005.07.29"]
[Round "10.8"]
[White "Zhao, Nan"]
[Black "Arnold, Marc T"]
[Result "1-0"]
[WhiteElo "2276"]
[BlackElo "2087"]
[PlyCount "139"]
[EventDate "2005.07.19"]
[EventType "swiss"]
[EventRounds "11"]
[EventCountry "FRA"]
[Source "lmi"]
[SourceDate "2005.07.31"]

1. e4 c5 2. Nf3 d6 3. d4 cxd4 4. Nxd4 Nf6 5. Nc3 a6 6. Bg5 e6 7. f4 Be7 8. Qf3
Qc7 9. O-O-O Nbd7 10. g4 b5 11. Bxf6 Nxf6 12. g5 Nd7 13. f5 Nc5 14. f6 gxf6 15.
gxf6 Bf8 16. Rg1 h5 17. a3 Nd7 18. Bh3 Ne5 19. Qe2 Bd7 20. Kb1 Qb7 21. Rg5 Bh6
22. Rxh5 O-O-O 23. Nb3 Qb6 24. Qg2 Be3 25. Rxh8 Rxh8 26. Bg4 a5 27. Be2 Kc7 28.
Na2 b4 29. axb4 axb4 30. Qg3 Bf2 31. Qg7 Ra8 32. Nac1 Qa7 33. h4 Bxh4 34. Qh6
Bf2 35. Qd2 Qb6 36. Nd3 Nxd3 37. Qxd3 Be3 38. Qc4+ Bc6 39. Nd4 Qc5 40. Qxc5
dxc5 41. Nxc6 Kxc6 42. Bh5 Rf8 43. c3 bxc3 44. bxc3 Bf4 45. Kc2 Be5 46. Rf1 Kc7
47. Kd3 Rh8 48. Bxf7 Rf8 49. Bxe6 Rxf6 50. Bf5 Ra6 51. Kc4 Ra3 52. Rf3 Kd6 53.
Rh3 Bf6 54. Rd3+ Kc6 55. Bd7+ Kc7 56. Bb5 Be5 57. Rh3 Kd6 58. Rh6+ Ke7 59. Kd5
Bxc3 60. e5 Bd4 61. Rh7+ Kf8 62. e6 Re3 63. Kd6 Bg7 64. Rh3 Re1 65. Rf3+ Bf6
66. Rxf6+ Kg7 67. Rf5 c4 68. Bxc4 Kg6 69. Re5 Rd1+ 70. Bd5 1-0

[Event "Mundial Juvenil 2005 s14"]
[Site "Belfort FRA"]
[Date "2005.07.29"]
[Round "10.9"]
[White "Recuero Guerra, David"]
[Black "Ly, Moulthun"]
[Result "1-0"]
[WhiteElo "2261"]
[BlackElo "2117"]
[PlyCount "131"]
[EventDate "2005.07.19"]
[EventType "swiss"]
[EventRounds "11"]
[EventCountry "FRA"]
[Source "lmi"]
[SourceDate "2005.07.31"]

1. e4 c5 2. Nc3 Nc6 3. g3 g6 4. Bg2 Bg7 5. d3 e6 6. Be3 d6 7. Qd2 Nge7 8. Bh6
O-O 9. h4 Bxh6 10. Qxh6 f6 11. Qd2 e5 12. h5 g5 13. Nge2 h6 14. Nd5 Bg4 15. Ne3
Be6 16. Nc3 Rb8 17. Ncd5 b5 18. O-O-O a5 19. Rdf1 Kg7 20. f4 Qd7 21. Rf2 Nb4
22. Rhf1 Bxd5 23. exd5 Nxa2+ 24. Kb1 Nb4 25. fxg5 fxg5 26. Qe2 Rbe8 27. Be4 Qc8
28. c3 Na6 29. Bf5 Qa8 30. Be6 Rxf2 31. Qxf2 Rf8 32. Bf7 Ng8 33. Qf5 Qd8 34.
Qg6+ Kh8 35. Nf5 Qf6 36. Bxg8 Qxg6 37. hxg6 Kxg8 38. g4 Nc7 39. Rh1 Nxd5 40.
Rxh6 Rf6 41. c4 bxc4 42. dxc4 Nf4 43. Ne7+ Kf8 44. Rh8+ Kxe7 45. g7 Rg6 46.
g8=Q Rxg8 47. Rxg8 e4 48. Kc2 e3 49. b3 e2 50. Kd2 Kf6 51. Rf8+ Ke5 52. Rf5+
Ke4 53. Rxg5 Ne6 54. Rf5 Nd4 55. Rf8 Nxb3+ 56. Kxe2 Kd4 57. g5 Kxc4 58. g6 Nd4+
59. Kd2 Ne6 60. Rf7 a4 61. Re7 Kd5 62. Kc3 Nf4 63. g7 Kc6 64. g8=Q Nd5+ 65. Kc4
Nxe7 66. Qe8+ 1-0

[Event "Mundial Juvenil 2005 s14"]
[Site "Belfort FRA"]
[Date "2005.07.29"]
[Round "10.11"]
[White "Benidze, David"]
[Black "Azemati, Amir"]
[Result "1-0"]
[WhiteElo "2243"]
[BlackElo "2078"]
[PlyCount "55"]
[EventDate "2005.07.19"]
[EventType "swiss"]
[EventRounds "11"]
[EventCountry "FRA"]
[Source "lmi"]
[SourceDate "2005.07.31"]

1. d4 Nf6 2. c4 e6 3. Nc3 Bb4 4. Qc2 O-O 5. Nf3 b6 6. e4 d5 7. e5 Ne4 8. Bd3
Bb7 9. O-O Bxc3 10. bxc3 f5 11. exf6 gxf6 12. Bh6 Rf7 13. Rae1 Nd7 14. cxd5
exd5 15. h4 f5 16. Bf4 Rg7 17. Ng5 Nf8 18. f3 Nd6 19. Be5 Rg6 20. Qf2 Qd7 21.
Nh3 Nf7 22. Bf4 Rc8 23. h5 Rg7 24. Qc2 Nd6 25. Be5 Re7 26. Qf2 h6 27. Qg3+ Kh7
28. Bxd6 1-0